Normal view
MARC view
- STRATEGIC DIRECTION BUSINESS DEVELOPMENT
Entry Topical Term
001 - CONTROL NUMBER
- control field: 58090
003 - CONTROL NUMBER IDENTIFIER
- control field: NUST
005 - DATE AND TIME OF LATEST TRANSACTION
- control field: 20210628202045.0
008 - FIXED-LENGTH DATA ELEMENTS
- fixed length control field: 210628|| aca||aabn | a|a d
040 ## - CATALOGING SOURCE
- Original cataloging agency: NUST
- Transcribing agency: NUST
150 ## - HEADING--TOPICAL TERM
- Topical term or geographic name entry element: STRATEGIC DIRECTION BUSINESS DEVELOPMENT
670 ## - SOURCE DATA FOUND
- Source citation: Work cat.: (NUST): Skat-Rordam, Peter 58089, Changning strategic direction, practical insights into opportunity driven business development, 2000
